Guglielmo Marconi. by Beverley Birch. (Record no. 114606)

MARC details
000 -LEADER
fixed length control field 00430nam a2200157Ia 4500
008 - FIXED-LENGTH DATA ELEMENTS--GENERAL INFORMATION
fixed length control field 210210b1997 xxu||||| |||| 00| 0 eng d
020 ## - INTERNATIONAL STANDARD BOOK NUMBER
International Standard Book Number 81 250 0747 4
082 ## - DEWEY DECIMAL CLASSIFICATION NUMBER
Classification number 925 SCIG
100 ## - MAIN ENTRY--PERSONAL NAME
Personal name SCIENTISTS WHO HAVE CHANGED THE WORLD.
245 ## - TITLE STATEMENT
Title Guglielmo Marconi. by Beverley Birch.
260 ## - PUBLICATION, DISTRIBUTION, ETC.
Place of publication, distribution, etc. Hyderabad
Name of publisher, distributor, etc. Orient Longman
Date of publication, distribution, etc. 1997
300 ## - PHYSICAL DESCRIPTION
Extent 64
650 ## - SUBJECT ADDED ENTRY--TOPICAL TERM
Topical term or geographic name entry element Guglielmo Marconi Radio
690 ## - LOCAL SUBJECT ADDED ENTRY--TOPICAL TERM (OCLC, RLIN)
Topical term or geographic name as entry element Biography
906 ## - LOCAL DATA ELEMENT F, LDF (RLIN)
a SG03610
Holdings
Withdrawn status Lost status Damaged status Not for loan Collection code Home library Current library Shelving location Date acquired Source of acquisition Cost, normal purchase price Total Checkouts Full call number Barcode Date last seen Price effective from Koha item type
          St Aloysius Library St Aloysius Library   02/17/2021 Sita Book House, Mangalore. 0.00   925 SCIG SG03610 02/17/2021 02/17/2021 Special Grants